000 00564nam a2200181 i 4500
001 125355
003 ES-MaACL
005 20250717062047.0
007 t|
008 070606s1930 fr ||||1| fre d
100 1 _aVéran, Jules.
_9113974
245 1 3 _aLa jeunesse de Frédéric Mistral et la belle histoire de "Mireille" /
_cJules Véran.
260 _aParis :
_bEmile-Paul Frères,
_c1930.
300 _a205 p. :
_bretr. ;
_c19 cm.
600 1 4 _aMistral, Frédéric,
_d1830-1914
_981664
852 _aES-MaACL
_jB-6467
999 _c125355
_d125355